| 000 | 00741nam a2200253 i 4500 | ||
|---|---|---|---|
| 001 | 172676 | ||
| 003 | ES-MaACL | ||
| 005 | 20250824010736.0 | ||
| 007 | t| | ||
| 008 | 090819s1999 fr ||||1| fre d | ||
| 020 | _a2-13-049431-5 | ||
| 080 | _a782 | ||
| 100 | 1 |
_aCombarieu, Christophe. _9141169 |
|
| 245 | 1 | 3 |
_aLe bel canto / _cChristophe Combarieu. |
| 250 | _a1re éd. | ||
| 260 |
_aParis : _bPresses Universitaires de France, _c1999. |
||
| 300 |
_a127 p. : _bmús. ; _c18 cm. |
||
| 490 | 1 |
_aQue sais-je ? ; _v3402 |
|
| 650 | 4 |
_aÓpera- _xHistoria. _915712 |
|
| 830 | 0 | 0 |
_aQue sais-je? _v3402 _9180931 |
| 852 | 4 |
_aES-MaACL _jE-12970 _9R.139164 _z. - Biblioteca Jacinto Martínez Lacalle |
|
| 942 | _2udc | ||
| 999 |
_c172676 _d172676 |
||